Colombia hoy : (Registro nro. 5622)

Detalles MARC
000 -LEADER
fixed length control field 00871nam a2200253Ia 4500
003 - CONTROL NUMBER IDENTIFIER
control field OSt
005 - DATE AND TIME OF LATEST TRANSACTION
control field 20200331160635.0
008 - FIXED-LENGTH DATA ELEMENTS--GENERAL INFORMATION
fixed length control field 191128s1991 ck gr 000 0 spa d
040 ## - CATALOGING SOURCE
Original cataloging agency CO-JMCR
Transcribing agency CO-JMCR
041 0# - LANGUAGE CODE
Language code of text/sound track or separate title spa
082 04 - DEWEY DECIMAL CLASSIFICATION NUMBER
Classification number 320.986 /
Item number A473c
Edition number 21
100 1# - MAIN ENTRY--PERSONAL NAME
Personal name Alvarez, Luis Alberto,
Relator term autor
9 (RLIN) 2301
245 10 - TITLE STATEMENT
Title Colombia hoy :
Remainder of title perspectivas hacia el siglo XXI /
Statement of responsibility, etc. Luis Alberto Alvarez, Mario Arrubla, Jesus Antonio Bejarano [y otros 10]
250 ## - EDITION STATEMENT
Edition statement Decimocuarta edición
260 ## - PUBLICATION, DISTRIBUTION, ETC.
Place of publication, distribution, etc. Bogotá :
Name of publisher, distributor, etc. Siglo XXI,
Date of publication, distribution, etc. 1991
300 ## - PHYSICAL DESCRIPTION
Extent 559 páginas ;
Dimensions 21 cm.
490 0# - SERIES STATEMENT
Series statement Historia inmediata
505 0# - FORMATTED CONTENTS NOTE
Formatted contents note Colombia hoy -- Perspectivas hacia el siglo XXI
650 14 - SUBJECT ADDED ENTRY--TOPICAL TERM
Topical term or geographic name entry element Condiciones sociales
9 (RLIN) 2302
650 14 - SUBJECT ADDED ENTRY--TOPICAL TERM
Topical term or geographic name entry element Historia económica
9 (RLIN) 2303
700 1# - ADDED ENTRY--PERSONAL NAME
Personal name Arrubla, Mario,
Relator term autor
9 (RLIN) 2304
700 1# - ADDED ENTRY--PERSONAL NAME
Personal name Bejarano, Jesus Antonio,
Relator term autor
9 (RLIN) 2305
942 ## - ADDED ENTRY ELEMENTS (KOHA)
Source of classification or shelving scheme Dewey Decimal Classification
Koha item type Books
Existencias
Withdrawn status Lost status Source of classification or shelving scheme Damaged status Not for loan Collection code Home library Current library Date acquired Source of acquisition Cost, normal purchase price Total Checkouts Full call number Barcode Date last seen Copy number Koha item type
    Dewey Decimal Classification     Non-fiction Biblioteca Pública José María del Castillo y Rada Biblioteca Pública José María del Castillo y Rada 04/15/2018 Donación 0.00   320.986 / A473c 430002663 05/16/2024 Ej.1 Books